Secretos de familia /

Guardado en:
Autor Principal: Cabal, Graciela Beatriz
Formato: Libro
Publicado: Buenos Aires : Edhasa, 2021.
Edición:2a. ed.
Materias:
Etiquetas: Agregar Etiqueta
Sin Etiquetas, Sea el primero en etiquetar este registro!
LEADER 00980nam a22002775a 4500
001 CEM.cems018977
008 211021s2021##################000#0#####d
005 20211104200907.0
003 CEMS
245 1 0 |a Secretos de familia /  |c Graciela Beatriz Cabal 
250 |a 2a. ed. 
260 |a Buenos Aires :  |b Edhasa,  |c 2021. 
300 |a 320 p. 
500 |a Edición para Ministerio de Educación de la Nación Argentina. 
020 |a 9789876286008 
100 1 |a Cabal, Graciela Beatriz 
082 0 4 |a A863.4 
653 |a Literatura 
653 |a Literatura argentina-siglo 20 
653 |a Novelas 
653 |a Novelas argentinas-siglo 20 
653 |a Colección Leer Abre Mundos 
859 |a CEMS  |b BIB. CEMS - Agricultura  |h A863.4  |i C111a2  |p A3355.21  |t Ej.1 
859 |a CEMS  |b BIB. CEMS - 11 de abril  |h A863.4  |i C111a2  |p 29264.21  |t Ej. 1 
859 |a CEMS  |b BIB. CEMS - 11 de abril  |h A863.4  |i C111a2  |p 29251.21  |t Ej. 2 
859 |a CEMS  |b BIB. CEMS - 11 de abril  |h A863.4  |i C111a2  |p 29159.21  |t Ej.3